00385nam a2200121Ia 4500008004100000082001100041245005700052250000600109260002600115300000800141630005700149730005700206090124s9999 xx 000 0 und d b207080 aFAMILY WISDOM FROM THE MONK WHO IS SOLD HIS FERRARI  a1 bSHARMA ROBIN S.c2005 a198 aFAMILY WISDOM FROM THE MONK WHO IS SOLD HIS FERRARI  aFAMILY WISDOM FROM THE MONK WHO IS SOLD HIS FERRARI